Statistiche per I sei paesi più vicini: la Corea del Sud

Clicka qui per fare il quiz!

Statistiche generali

  • Questo quiz è stato fatto 12 volte
  • Il punteggio medio è 5 su 6

Statistiche sulle risposte

kmpaese% Corretto
263Cina
100%
0Corea del Nord
100%
50Giappone
100%
455Russia
82%
1040Mongolia
55%
990Taiwan
55%

Distribuzione punteggi

Percentile per numero di risposta

Percentuale di utenti per punteggio

I tuoi punteggi nel tempo

Non hai fatto questo quiz